| 000 | 00379nam a22001457a 4500 | ||
|---|---|---|---|
| 999 |
_c15612 _d15612 |
||
| 003 | OSt | ||
| 008 | 190520b ||||| |||| 00| 0 eng d | ||
| 020 | _a9789382471523 | ||
| 082 |
_a579 _bSHA/MI |
||
| 100 |
_aShaikh, Sartaj A R _94100 |
||
| 245 | _aMicrobiology : Text and Competitive Guide | ||
| 260 |
_aDelhi _bNarendra Publishing House _c2014 |
||
| 300 | _a688 p. | ||
| 942 | _cBK | ||